000 00401 a2200157 4500
999 _c10166
_d10166
020 _aNO ISBN
050 _aK302OPP 1967
100 _aOppenheim L.
_eauthor
245 _aInternational Law /
_ba treatise :
_cL. Oppenheim
250 _a8th ed
264 _aLondon :
_bLongmans,
_c1967
300 _a1072p. :
500 _aIncludes index
650 _aInternational Law
942 _2lcc
_cBK
_h302
_iOPP
_kK